000 00380nam a22001457a 4500
999 _c8684
_d8684
003 OSt
008 200702b ||||| |||| 00| 0 eng d
100 _aPawar , Atharam
245 _aPharmaceutics For B. Pharm
250 _a3rd
260 _aNew Delhi
_bNirali Prakashan
_c2019
300 _aMISC
650 _aPharmaceutics (Dispensing and General Pharmacy
942 _2ddc
_cBK
_019